000 00459nam a22001217a 4500
999 _c18819
_d18819
008 210222b xxu||||| |||| 00| 0 eng d
050 _aGMB0126
_b.K57 2015 c.1
100 _aKipchumba Lucy Jerop
245 _aEffects of credit assesment on loan repayment in microfinance institutions in Nakuru central Business District (CBD)
_cLucy Jerop Kipchumba
260 _aKabarak, Nakuru, Kenya
_bKabarak University
_c2015
300 _a68 leaves
942 _2lcc
_cTHE